Представление документа в формате MARC21

Поле Инд. ПП Название Значение
Тип записи a
Библиографический уровень m
001 Контрольный номер 9c01bdc0708b4dde83d392c3f2fc9276
005 Дата корректировки 20191001141113.8
008 Кодируемые данные 190930|||||||||ru |||||||||||||||||rus||
020 a ISBN 978-5-86185-981-3
041 0_ a Код языка текста rus
084 a Индекс другой классификации/Индекс ББК 65.291.551+65.54
090 a Полочн. индекс 65.291.5
x Авторский знак Ч-57
100 1_ a Автор Чечурина М. Н.
245 10 a Заглавие Инновационное развитие стран Арктического региона
b Продолж. заглавия монография
c Ответственность М-во науки и высш. образования Рос. Федерации, ФГБОУ ВО "Мурман. гос. техн. ун-т"
260 a Место издания Мурманск
b Издательство Изд-во МГТУ
c Дата издания 2019
300 a Объем 286 с.
b Иллюстрации/ тип воспроизводства ил.
504 a Библиография Библиогр.: с. 228-247
520 0_ a Аннотация В монографии основании отечественного и зарубежного статистического материала рассмотрены, проанализированы и обобщены основные факторы, определяющие инновационное развитие стран ОЭСР, ЕС и Арктического региона в сравнительной динамике. Особое внимание удалено развитию Национальных инновационных систем (НИС) приарктических стран с ресурсной экономикой. Мурманский регион рассматривается как центр инновационного развития Арктической зоны РФ. Книга предназначено для научных сотрудников, преподавателей и широкого круга читателей, интересующихся вопросами освоения и инновационного развития Арктики
650 04 a Основная рубрика Инновационное развитие-Арктика-Монографии
651 _4 a Географическое наименование Арктика
651 _4 a Географическое наименование Арктическая зона России
651 _4 a Географическое наименование Дания
651 _4 a Географическое наименование Канада
651 _4 a Географическое наименование Норвегия
651 _4 a Географическое наименование США
653 0_ a Ключевые слова Государственная инновационная политика; Инновации; Инновационная деятельность регионов; Инновационное развитие; Инновационное развитие регионов; Монографии; Национальная инновационная система; Освоение биоресурсов Арктики; Региональная инновационная система; Стратегия инновационного развития Арктики; Труды преподавателей МГТУ
a Ключевые слова Международные отношения
a Ключевые слова Экономическая интеграция
700 12 a Другие авторы Махортова В. К.
700 12 a Другие авторы Соколенко В. Э.
901 t Тип документа m
952 c Вид литературы монография